Statistiques concernant 18 premiers Maréchaux d'Empire

Cliquez ici pour prendre le quiz!

Statistiques générales

  • Ce quiz a été pris 28 fois
  • Le résultat moyen est 9 sur 18

Statistiques - réponses

Réponse% Correct
Michel Ney
100%
Joachim Murat
92%
Louis Nicolas Davout
75%
Jean-Baptiste Bernadotte
71%
Jean Lannes
71%
André Masséna
67%
Jean-de-Dieu Soult
54%
Louis-Alexandre Berthier
50%
Jean-Baptiste Bessières
42%
Pierre Augereau
38%
François Christophe Kellermann
33%
Jean-Baptiste comte Jourdan
33%
Jean Mathieu Philibert comte Sérrurier
33%
Guillaume Brune
29%
Edouard Mortier
25%
Bon-Adrien Jeannot de Moncey
21%
Catherine-Dominique de Pérignon
17%
François Joseph Lefebvre
17%

Distribution des résultats

Percentile par nombre de réponses

% des personnes avec chaque résultat

Votre développement - résultats

Vous n’avez pas pris ce quiz